Theses on water submitted to universities in California through June 1969.

Bibliographic Details
Main Author: Deane, Mary, 1940-
Format: Book
Language:English
Published: Berkeley : Water Resources Center Archives, University of California, [1971]
Series:Archives series report ; no. 22.
Subjects:

MARC

Tag First Indicator Second Indicator Subfields
LEADER 00000cam a2200000 4500
001 in00000992421
005 20150927154755.0
008 740307s1971 cau b 00100 eng
010 |a  74152449  
019 |a 909787 
035 |a (OCoLC)00841975 
035 |9 AEY2294AM 
040 |a DLC  |c DLC  |d TXA  |d UtOrBLW 
043 |a n-us-ca 
049 1 |a TXA2 
050 0 0 |a Z7935  |b .C3 no. 22 
082 0 |a 016.553/7 s  |a 016.553/7 
090 |a Z7935  |b .A72 no. 22 
100 1 |a Deane, Mary,  |d 1940- 
245 1 0 |a Theses on water submitted to universities in California through June 1969. 
264 1 |a Berkeley :  |b Water Resources Center Archives, University of California,  |c [1971] 
300 |a iii, 152 pages ;  |c 28 cm. 
336 |a text  |b txt  |2 rdacontent 
337 |a unmediated  |b n  |2 rdamedia 
338 |a volume  |b nc  |2 rdacarrier 
490 1 |a Archives series report ;  |v no. 22 
650 0 |a Water-supply  |v Bibliography. 
650 0 |a Hydrology  |v Bibliography. 
650 0 |a Dissertations, Academic  |z California  |x Bibliography. 
830 0 |a Archives series report ;  |v no. 22. 
999 |a MARS 
999 f f |s 0fffe80b-af41-3435-aec8-1a3346390bd1  |i 1aa512f4-a41b-3eba-9180-821d54072e95  |t 0 
952 f f |p ric  |a Texas A&M University  |b Rellis Campus  |c Joint Library Facility  |d Remote Storage  |t 0  |e Z7935 .A72 no.22  |h Library of Congress classification  |i unmediated -- volume  |m A14842713654 
998 f f |a Z7935 .A72 no.22  |t 0  |l Remote Storage